College Quizbowl Stats
College Quizbowl Stats
Circuits
Seasons
Sets
Records
Detailed Stats
About
Loading...
Upper Midwest
Tossups
Bonuses
Players
Teams
Categories (Tossup)
Categories (Bonus)
Teshawn McDonald
Louisville B
Categories
Category
Powers
Gets
Negs
BBs
Points
Earliest Buzz
Avg. Buzz
First Buzzes
Top 3 Buzzes
BPA
PVF
History - World
0
3
0
2
30
94
120.33
0
0
1.97
2.83
History - European
0
1
0
0
10
79
79.00
0
0
3.07
2.50
History - Other
0
1
0
0
10
135
135.00
0
0
0.43
2.00
Buzzes
Category
Answer
Value
Buzz Position
History - European
Armenians
10
79
History - World
universities
10
94
History - Other
Gaius Marius
0
117
History - World
Empress Wǔ
10
132
History - World
Vietnamese people
10
135
History - Other
Carthage
10
135
Previous
1
Next